[Event "JUG-sf"]
[Site "Kladovo"]
[Date "1990.??.??"]
[Round "8"]
[White "Stanojoski, Zvonko"]
[Black "Ademi, Sami"]
[Result "1-0"]
[WhiteElo "2310"]
[BlackElo "2240"]

1.e4 c5 2.Nf3 d6 3.d4 Nf6 4.Nc3 cxd4 5.Nxd4 a6 6.g3 e5 7.Nde2 Be7 8.Bg2 O-O
9.O-O b5 10.Bg5 Nbd7 11.Bxf6 Nxf6 12.a4 b4 13.Nd5 Nxd5 14.Qxd5 Ra7 15.a5 Be6
16.Qd2 Rc7 17.Ra4 b3 18.Nc3 Rc5 19.Rfa1 Qb8 20.cxb3 Bxb3 21.Nd5 Bxd5 22.exd5 Rfc8
23.Rb4 Qa7 24.Rb6 Rc2 25.Qe3 h6 26.Be4 Bg5 27.f4 exf4 28.gxf4 Qe7 29.fxg5 Qe5
30.Re1 Qxh2+ 31.Kf1 Re8 32.Qf3 Rc4 33.Rb7  1-0

[Event "Pula op"]
[Site "Pula"]
[Date "1990.??.??"]
[Round "6"]
[White "Faibisovich, Vadim Z"]
[Black "Justin, Matijaz"]
[Result "1/2-1/2"]
[WhiteElo "2410"]
[BlackElo "2330"]

1.e4 c5 2.Nf3 d6 3.d4 cxd4 4.Nxd4 Nf6 5.Nc3 a6 6.g3 e5 7.Nde2 Nbd7 8.Bg2 Be7
9.a4 b6 10.Nd5 Nxd5 11.Qxd5 Ra7 12.Nc3 Rc7 13.Be3 Bb7 14.Qd2 O-O 15.O-O Qa8
16.Nd5 Bxd5 17.exd5 Qc8 18.Rfc1 f5 19.Ra3 Qd8 20.f4 Bf6 21.c4 Qc8 22.b3 Re8
23.fxe5 Bxe5 24.Rf1 g6 25.Ra2 a5 26.Rb1 Qa6 27.Bf1 Nc5 28.Qg2 Qa8 29.Bf2 Qd8
30.b4 axb4 31.Rxb4 Ra7 32.Qf3 Qc7 33.Kg2 Rea8 34.Qd1 Ra6 35.Bxc5 Qxc5 36.Qb1 Bd4
37.Qe1 Qc7 38.c5 bxc5 39.Bxa6 cxb4 40.Qxb4 Bc5 41.Qb7 Qxb7 42.Bxb7 Rb8 43.Bc6 Rb3
44.a5 Ra3 45.Rxa3 Bxa3 46.Kf3 Kf7 47.Bd7 Kf6 48.Be6 Bb4 49.a6 Bc5 50.h4 h6
51.h5 g5 52.g4 fxg4+ 53.Kxg4  1/2-1/2

[Event "Rome op"]
[Site "Rome"]
[Date "1990.??.??"]
[Round "6"]
[White "Caposciutti, Maurizio"]
[Black "Aleksic, Nenad"]
[Result "1/2-1/2"]
[WhiteElo "2295"]
[BlackElo "2415"]

1.e4 c5 2.Nf3 d6 3.d4 cxd4 4.Nxd4 Nf6 5.Nc3 a6 6.g3 e6 7.Bg2 Be7 8.O-O Qc7
9.Qd2 O-O 10.b3 Nc6 11.Bb2 Bd7 12.Rfe1 Rfd8 13.Nd1 Rac8 14.c4 Nxd4 15.Qxd4 Bc6
16.Ne3 Bf8 17.Rac1 Qb8 18.Bc3 b6 19.Nc2 Ba8 20.Qe3 Nd7 21.Nb4 Nc5 22.Nd3 Nxd3
23.Qxd3 Qb7 24.Bd4 Be7 25.Rc2 h6 26.Rec1 Rd7 27.Qe3 Rb8 28.f4 Qc7 29.Qc3 Bf8
30.a4 e5 31.fxe5 dxe5 32.Bxe5 Qc5+ 33.Kh1 Re8 34.Bf4 Bxe4 35.Bxe4 Rxe4 36.Qf3 Qf5
37.Rf2 Bc5 38.Rff1 a5 39.Rcd1 Red4 40.Rxd4 Rxd4 41.Kg2  1/2-1/2

[Event "Rilton Cup"]
[Site "Stockholm"]
[Date "1990.??.??"]
[Round "5"]
[White "Markovic, Miroslav"]
[Black "Khenkin, Igor"]
[Result "0-1"]
[WhiteElo "2375"]
[BlackElo "2455"]

1.e4 c5 2.Nf3 d6 3.d4 cxd4 4.Nxd4 Nf6 5.Nc3 a6 6.g3 e5 7.Nb3 Nbd7 8.Bg2 b5
9.O-O Bb7 10.a4 b4 11.Nd5 Nxd5 12.exd5 a5 13.Bd2 Be7 14.c3 bxc3 15.Bxc3 Qb6
16.Ra3 Bd8 17.Qg4 h5 18.Qd1 Nf6 19.Qd2 O-O 20.Kh1 Re8 21.h3 Qa7 22.Re1 Bb6
23.Kg1 h4 24.g4 Rec8 25.g5 Nh5 26.Re4 Bxd5 27.Rxh4 Bxg2 28.Rxh5 Qb7 29.g6 fxg6
30.Rg5 Bxh3 31.Bxa5 Rxa5 32.Nxa5 Bxa5 33.Qe3 Bf5 34.Qb3+ Qxb3 35.Rxb3 Rc1+
36.Kh2 Bd2 37.Rg1 Bf4+ 38.Kg2 Be4+ 39.f3 Rc2+ 40.Kf1 Bd5 41.Rc3 Rxc3 42.bxc3 Bxf3
43.Rxg6 e4 44.a5 Kf7 45.Rg1 Be3 46.Rg3 g5 47.Rh3 g4 48.Rh7+ Kf6 49.Rb7  0-1

[Event "AUT-chT"]
[Site "?"]
[Date "1991.??.??"]
[Round "?"]
[White "Wittmann, Walter"]
[Black "Hoelzl, Franz"]
[Result "1/2-1/2"]
[WhiteElo "2410"]
[BlackElo "2390"]

1.e4 c5 2.Nf3 d6 3.d4 cxd4 4.Nxd4 Nf6 5.Nc3 a6 6.g3 e5 7.Nb3 Be7 8.Bg2 O-O
9.O-O b5 10.a4 b4 11.Nd5 a5 12.Be3 Nbd7 13.Qd2 Bb7 14.Nxe7+ Qxe7 15.f3 d5
16.exd5 Bxd5 17.Rfe1 Rfe8 18.Bf2 Qd8 19.Nc5 Rc8 20.Ne4 Bxe4 21.fxe4 Qc7 22.Rac1 Nc5
23.b3 Ng4 24.Bf1 Red8 25.Qe2 Nxf2 26.Qxf2 Rd4 27.Qf3 Qb6 28.Kh1 Qf6 29.Qg4 Rc7
30.Bc4 Qg6 31.Qxg6 hxg6 32.c3 bxc3 33.Rxc3 Rxe4 34.Rxe4 Nxe4 35.Re3 Nd6  1/2-1/2

[Event "Baden-Baden op"]
[Site "Baden-Baden"]
[Date "1991.??.??"]
[Round "8"]
[White "Schmidt Schaeffer, Sebastian"]
[Black "Gutman, Lev"]
[Result "0-1"]
[WhiteElo "2280"]
[BlackElo "2465"]

1.e4 c5 2.Nf3 d6 3.d4 cxd4 4.Nxd4 Nf6 5.Nc3 a6 6.g3 e6 7.Bg2 Ra7 8.Be3 b6
9.a4 Rc7 10.O-O Bb7 11.f4 Nbd7 12.f5 e5 13.Nb3 Be7 14.h3 O-O 15.Qd3 Qa8 16.Rae1 Rfc8
17.Bd2 Rc4 18.g4 h6 19.g5 hxg5 20.Bxg5 b5 21.Na5 Rd4 22.Qe3 b4 23.Ne2 Bxe4
24.Nxd4 Bxg2 25.Rf2 Be4 26.Ne6 Qd5 27.Kh2 fxe6 28.fxe6 Qxe6 29.Rg1 d5 30.Nb3 d4
31.Qg3 Bxc2 32.Bxf6 Bxf6 33.Rc1 e4 34.Kh1 d3 35.Qe5 Nxe5  0-1

[Event "JUG-ch"]
[Site "Banja Vrucica"]
[Date "1991.??.??"]
[Round "?"]
[White "Popovic, Petar"]
[Black "Ilincic, Zlatko"]
[Result "1/2-1/2"]
[WhiteElo "2510"]
[BlackElo "2470"]

1.e4 c5 2.Nf3 d6 3.d4 cxd4 4.Nxd4 Nf6 5.Nc3 a6 6.g3 e5 7.Nb3 Bg4 8.Be2 Bh3
9.Be3 Nc6 10.Bg5 Be7 11.Bxf6 Bxf6 12.Bg4 Bxg4 13.Qxg4 Qd7 14.Qe2 O-O 15.O-O Rac8
16.Rad1 Qe6 17.Nd5 Bd8 18.Rd3 Ne7 19.Rfd1 Nxd5 20.Rxd5 Rc6 21.Qd3 Bc7 22.c3 g6
23.c4 Qe7 24.Na5 Bxa5 25.Rxa5 Qc7  1/2-1/2

[Event "Bardejov"]
[Site "Bardejov"]
[Date "1991.??.??"]
[Round "?"]
[White "Kholmov, Ratmir D"]
[Black "David, Pavel"]
[Result "1-0"]
[WhiteElo "2445"]
[BlackElo "2400"]

1.e4 c5 2.Nf3 d6 3.d4 cxd4 4.Nxd4 Nf6 5.Nc3 a6 6.g3 e5 7.Nde2 Nbd7 8.a4 b6
9.Bg2 Bb7 10.h3 Be7 11.g4 Nc5 12.Ng3 O-O 13.O-O Rc8 14.f4 exf4 15.Bxf4 Ne6
16.Be3 g6 17.e5 Bxg2 18.exf6 Bxf1 19.fxe7 Qxe7 20.Qxf1 f5 21.gxf5 Ng7 22.Bh6 Qh4
23.Qf4 Qxf4 24.Bxf4 Nxf5 25.Nxf5 Rxf5 26.Bxd6 Re8 27.Rd1 Re3 28.Kg2 Kf7 29.Rd2 Rh5
30.Nd5 Rexh3 31.Rf2+ Kg7 32.Nf4  1-0

[Event "Berliner Sommer"]
[Site "Berlin"]
[Date "1991.??.??"]
[Round "?"]
[White "Kaminski, Marcin"]
[Black "Gurevich, Vladimir"]
[Result "1-0"]
[WhiteElo "2305"]
[BlackElo "2435"]

1.e4 c5 2.Nf3 d6 3.d4 cxd4 4.Nxd4 Nf6 5.Nc3 a6 6.g3 e5 7.Nb3 Be6 8.Bg2 Be7
9.O-O O-O 10.a4 Nbd7 11.a5 Qc7 12.Re1 Rfc8 13.h3 b5 14.axb6 Nxb6 15.Na5 Nc4
16.Nxc4 Bxc4 17.Be3 Rab8 18.Rb1 Qc6 19.Qf3 Bd8 20.Rec1 Bb6 21.Bg5 Nd7 22.Bf1 Be6
23.Nd5 Bxd5 24.exd5 Qb7 25.b4 Ra8 26.c4 a5 27.c5 dxc5 28.bxa5 Rxa5 29.Bc4 h6
30.Bd2 Ra7 31.Rb2 Rf8 32.Bb5 Ba5 33.Bc3 Bb4 34.Bc6 Qa6 35.Rbb1 Rc7 36.Ra1 Qb6
37.Qf5 Nb8 38.Ba4 Qd6 39.Bc2 g6 40.Qf3 Kg7 41.g4 Nd7 42.Qd3 Nf6 43.Ra6 e4
44.Bxf6+ Kxf6 45.Qe3  1-0

[Event "Brno Morava-B"]
[Site "Brno"]
[Date "1991.??.??"]
[Round "6"]
[White "Kholmov, Ratmir D"]
[Black "Schlosser, Philipp"]
[Result "1/2-1/2"]
[WhiteElo "2495"]
[BlackElo "2485"]

1.e4 c5 2.Nf3 d6 3.d4 cxd4 4.Nxd4 Nf6 5.Nc3 a6 6.g3 e6 7.Bg2 Be7 8.O-O Qc7
9.Qd2 O-O 10.b3 Rd8 11.Bb2 b5 12.a4 b4 13.Na2 Bb7 14.Rfe1 d5 15.exd5 Bxd5
16.Bxd5 Nxd5 17.Rxe6 fxe6 18.Nxe6 Nc3 19.Qe1 Qd7 20.Nxd8 Qxd8 21.Nxc3 bxc3
22.Bxc3 Ra7 23.Rd1 Qc8 24.Rd4 Nc6 25.Rc4 Rc7 26.Qe4 Qd7 27.h4 a5 28.Kg2 Bf8
29.Be1 Rc8 30.Bxa5 Nxa5 31.Rxc8 Qxc8 32.Qd5+ Kh8 33.Qxa5 Qc6+ 34.Kg1 Qxc2
35.Qa8 Kg8 36.Qd5+ Kh8 37.a5 Qc8 38.Kg2 h6 39.Qb5 Bc5 40.b4 Qa8+ 41.f3 Bd6
42.Qc4 Qb8 43.a6 Bxb4 44.a7 Qxa7 45.Qxb4  1/2-1/2

[Event "Brno Morava-D"]
[Site "Brno"]
[Date "1991.??.??"]
[Round "8"]
[White "Priehoda, Vitezslav"]
[Black "Voekler, Bernd"]
[Result "1-0"]
[WhiteElo "2365"]
[BlackElo "2370"]

1.e4 c5 2.Nf3 d6 3.d4 cxd4 4.Nxd4 Nf6 5.Nc3 a6 6.g3 e5 7.Nb3 Be7 8.Bg2 O-O
9.O-O Nbd7 10.a4 b6 11.Nd2 Qc7 12.Qe2 Bb7 13.Nc4 Nc5 14.a5 b5 15.Nb6 Rae8
16.Rd1 Ncd7 17.Ncd5 Nxd5 18.Nxd5 Bxd5 19.Rxd5 Rc8 20.c3 Nc5 21.Qd1 Nb7 22.Bd2 Nxa5
23.b3 Rb8 24.Ra3 h6 25.Qa1 Nc6 26.Rxa6 Bg5 27.Bxg5 hxg5 28.b4 Rb7 29.Bf1 Rfb8
30.Qb2 Ra7 31.Rxa7 Nxa7 32.Qd2 Rb6 33.Qxg5 Rc6 34.Qd2 Rb6 35.h4 Rc6 36.Rd3 Nc8
37.Rf3 Qb7 38.h5 Rc7 39.Qg5 Ne7 40.h6 Ng6 41.Qd8+ Kh7 42.hxg7 Kxg7 43.Qxd6 Qxe4
44.Re3 Qb7 45.Bxb5 Re7 46.c4 Re6 47.Qd7 Qb8 48.Rf3 Re7 49.Qf5 e4 50.Qf6+ Kg8
51.Re3 Re6 52.Qd4 Qb7 53.Bd7 Re7 54.b5 f5 55.f4  1-0

[Event "Bucharest (Women)"]
[Site "Bucharest"]
[Date "1991.??.??"]
[Round "?"]
[White "Teodorescu, Margareta"]
[Black "Roizen, Nadejda"]
[Result "1-0"]
[WhiteElo "2100"]
[BlackElo "2220"]

1.e4 c5 2.Nf3 d6 3.d4 cxd4 4.Nxd4 Nf6 5.Nc3 a6 6.g3 e5 7.Nde2 Be7 8.Bg2 O-O
9.O-O Be6 10.h3 Nbd7 11.Bg5 Rc8 12.Bxf6 Nxf6 13.Qd2 Qc7 14.Rac1 Rfd8 15.Rfd1 Qd7
16.g4 h6 17.Ng3 Ne8 18.Qe2 Bg5 19.Ra1 Bc4 20.Qf3 g6 21.Nf1 Nf6 22.Ne3 Be6
23.Rd3 h5 24.gxh5 Nxh5 25.Ng4 Nf4 26.Rad1 Qe7 27.Ne3 Kg7 28.Ncd5 Bxd5 29.exd5 f5
30.c3  1-0

[Event "Budapest IM"]
[Site "Budapest"]
[Date "1991.??.??"]
[Round "2"]
[White "Holzke, Frank"]
[Black "Orso, Miklos"]
[Result "1/2-1/2"]
[WhiteElo "2345"]
[BlackElo "2400"]

1.e4 c5 2.Nf3 d6 3.d4 cxd4 4.Nxd4 Nf6 5.Nc3 a6 6.g3 e5 7.Nb3 Be7 8.Bg2 O-O
9.a4 b6 10.O-O Bb7 11.Re1 Nbd7 12.Nd2 Rc8 13.Nf1 Nc5 14.g4 Ne6 15.Ng3 g6
16.h3 Re8 17.Be3 Qc7 18.Qd2 Bf8 19.Rad1 Nd7 20.Nge2 Qc6 21.b3 b5 22.axb5 axb5
23.Rc1 f5 24.gxf5 gxf5 25.Bh6 f4 26.Bxf8 Rxf8 27.Nd5 Rce8 28.Kh2 Qc5 29.Ng1 Bxd5
30.exd5 Nd4 31.Nf3 Nxf3+ 32.Bxf3 Nf6 33.b4 Qb6 34.c4 bxc4 35.Rxc4 Rb8 36.Qc2 Kh8
37.Rb1 Rbe8 38.Rc6 Qb8 39.Be4 Qa7 40.b5 Qd4 41.Rc4 Qb6 42.Rc6 Qd4 43.Rc4 Qb6  1/2-1/2

[Event "Spring op"]
[Site "Budapest"]
[Date "1991.??.??"]
[Round "8"]
[White "Kholmov, Ratmir D"]
[Black "Orso, Miklos"]
[Result "1/2-1/2"]
[WhiteElo "2445"]
[BlackElo "2400"]

1.e4 c5 2.Nf3 d6 3.d4 cxd4 4.Nxd4 Nf6 5.Nc3 a6 6.g3 e5 7.Nde2 Nbd7 8.a4 b6
9.Bg2 Bb7 10.h3 Qc7 11.g4 Nc5 12.Ng3 Ne6 13.g5 Nd7 14.h4 Rc8 15.Be3 Qc4 16.Nge2 f5
17.b3 Qc7 18.Nd5 Qxc2 19.exf5 Qxf5 20.Ng3 Qf7  1/2-1/2

[Event "Budapest IM"]
[Site "Budapest"]
[Date "1991.??.??"]
[Round "9"]
[White "Holzke, Frank"]
[Black "Koch, Thomas"]
[Result "1/2-1/2"]
[WhiteElo "2345"]
[BlackElo "2335"]

1.e4 c5 2.Nf3 d6 3.d4 cxd4 4.Nxd4 Nf6 5.Nc3 a6 6.g3 e6 7.Bg2 Be7 8.O-O O-O
9.Re1 Qc7 10.Be3 Nc6 11.Nxc6 bxc6 12.Na4 Rb8 13.c4 c5 14.b3 Bb7 15.Nc3 Bc6
16.h3 Qb7 17.Qc2 Rfd8 18.Rad1 Ne8 19.f4 Rbc8 20.g4 Bh4 21.Rf1 Bf6 22.Ne2 g6
23.g5 Bg7 24.Bd2 f5 25.gxf6 Nxf6 26.Ng3 Rf8 27.Ba5 Qe7 28.Qd3 Ne8 29.Bc3 Bxc3
30.Qxc3 e5 31.fxe5 Qxe5 32.Qxe5 dxe5 33.h4 Rxf1+ 34.Bxf1 Kf7 35.Bh3 Rc7 36.Kf2 Ke7
37.Ke3 a5 38.Ne2 Nf6 39.Nc3 Rb7 40.Bc8 Rc7 41.Bh3  1/2-1/2

[Event "BUL-ch"]
[Site "?"]
[Date "1991.??.??"]
[Round "3"]
[White "Janev, Evgeni"]
[Black "Petrov, Marijan"]
[Result "1-0"]
[WhiteElo "2345"]
[BlackElo "2265"]

1.e4 c5 2.Nf3 d6 3.d4 cxd4 4.Nxd4 Nf6 5.Nc3 a6 6.g3 e5 7.Nb3 b5 8.Bg5 Nbd7
9.a4 bxa4 10.Rxa4 Be7 11.Bg2 O-O 12.O-O Nb6 13.Ra2 Be6 14.Bxf6 Bxf6 15.Nd5 Bxd5
16.exd5 Nc4 17.Be4 Qc7 18.Qe2 g6 19.Rfa1 a5 20.Bd3 Nxb2 21.Bb5 a4 22.Nd2 a3
23.Bc6 Ra7 24.Rxa3 Rxa3 25.Rxa3 Rb8 26.c4 Qb6 27.Rb3 Qa7 28.Rxb8+ Qxb8 29.Ne4 Be7
30.Bb5 Nxc4 31.Qxc4 Kg7 32.Qc6 Kf8 33.h4 h6 34.Qd7 f5 35.Nd2 Qd8 36.h5 Qxd7
37.Bxd7 Kg7 38.Nf3 Bf6 39.hxg6 Kxg6 40.g4 fxg4 41.Bxg4 Bd8 42.Be6 h5 43.Kg2 Bb6
44.Nd2 Bd8 45.Ne4 Be7 46.Kf3 Bf8 47.Bd7 Be7 48.Ng3 Kg5 49.Be8 h4 50.Ne4+ Kf5
51.Bd7+ Kg6 52.Kg4 Kh6 53.Nd2 Bd8 54.Nc4 Be7 55.Ne3 h3 56.Nf5+ Kh7 57.Nxe7  1-0

[Event "BUL-ch"]
[Site "?"]
[Date "1991.??.??"]
[Round "10"]
[White "Janev, Evgeni"]
[Black "Topalov, Veselin"]
[Result "0-1"]
[WhiteElo "2345"]
[BlackElo "2455"]

1.e4 c5 2.Nf3 d6 3.d4 cxd4 4.Nxd4 Nf6 5.Nc3 a6 6.g3 e6 7.Bg2 Be7 8.O-O Qc7
9.Be3 O-O 10.g4 Nc6 11.g5 Nd7 12.f4 Re8 13.Qe2 Bf8 14.Rad1 Rb8 15.a4 Nb4
16.Rf3 g6 17.Qf2 Bg7 18.f5 Ne5 19.Rh3 Qd8 20.f6 Bf8 21.Qh4 h6 22.gxh6 Kh7
23.Bf4 Qb6 24.Kh1 Nbc6 25.Bxe5 Nxe5 26.b3 Qc5 27.Nce2 b5 28.axb5 axb5 29.Ng1 Rb7
30.Rg3 d5 31.Nh3 dxe4 32.Ng5+ Kh8 33.Nxe4 Qc7 34.Qg5 Rd8 35.h4 b4 36.h5 Rd5
37.c4 bxc3 38.Nxc3 Ra5 39.Ne4 Rb4 40.Rc1 Qd8 41.Nc6 Nxc6 42.hxg6 Rxg5 43.g7+ Bxg7
44.fxg7+ Rxg7 45.hxg7+ Kg8 46.Kg1 Rxe4  0-1

[Event "National op"]
[Site "Chicago"]
[Date "1991.??.??"]
[Round "6"]
[White "Ivanov, Alexander"]
[Black "Fedorowicz, John P"]
[Result "1-0"]
[WhiteElo "2525"]
[BlackElo "2555"]

1.e4 c5 2.Nf3 d6 3.d4 cxd4 4.Nxd4 Nf6 5.Nc3 a6 6.g3 e6 7.Bg2 Be7 8.O-O Qc7
9.Be3 Nc6 10.Nxc6 bxc6 11.Na4 Rb8 12.c4 c5 13.b3 O-O 14.Nc3 Bb7 15.g4 Rfe8
16.g5 Nd7 17.f4 Bf8 18.Qd2 Rbd8 19.Rad1 Nb8 20.Rf3 Nc6 21.Rh3 g6 22.f5 Bg7
23.f6 Bf8 24.Qf2 Nd4 25.Bxd4 cxd4 26.Rxh7 Kxh7 27.Qh4+ Kg8 28.Rd3  1-0

[Event "Hamburg HSK"]
[Site "Hamburg"]
[Date "1991.??.??"]
[Round "8"]
[White "Putzbach, Gerd"]
[Black "Joecks, Christian"]
[Result "0-1"]
[WhiteElo "2345"]
[BlackElo "2355"]

1.e4 c5 2.Nf3 d6 3.d4 cxd4 4.Nxd4 Nf6 5.Nc3 a6 6.g3 e6 7.Bg2 Be7 8.O-O O-O
9.h3 Qc7 10.Be3 Nc6 11.Qd2 Bd7 12.g4 Nxd4 13.Bxd4 Bc6 14.f4 Nd7 15.f5 Ne5
16.Bxe5 dxe5 17.g5 Qd8 18.Qxd8 Rfxd8 19.fxe6 fxe6 20.h4 Rd2 21.Bh3 Bc5+ 22.Kh1 Re8
23.Rac1 b5 24.Rfd1 Rf2 25.Rf1 b4 26.Rxf2 Bxf2 27.Ne2 Bxe4+ 28.Bg2 Bxg2+ 29.Kxg2 Bxh4
30.g6 e4 31.c4 bxc3 32.Rxc3 hxg6 33.Re3 Bf6 34.b3 Rc8 35.Rxe4 Rc2 36.a4 Kf7
37.Kf3 a5 38.Rc4 Rxc4 39.bxc4 Ke7 40.Ke4 Kd6 41.Nf4 g5 42.Nd3 g6 43.Kf3 Bd4
44.Kg4 e5 45.Kxg5 e4 46.Ne1 Kc5 47.Kxg6 e3 48.Kf5 e2 49.Ke4 Bc3 50.Ke3 Bxe1
51.Kxe2 Bh4 52.Kd3 Bf6  0-1

[Event "Helsinki"]
[Site "Helsinki"]
[Date "1991.??.??"]
[Round "?"]
[White "Westerinen, Heikki MJ"]
[Black "Arnason, Jon L"]
[Result "1/2-1/2"]
[WhiteElo "2410"]
[BlackElo "2540"]

1.e4 c5 2.Nf3 d6 3.d4 cxd4 4.Nxd4 Nf6 5.Nc3 a6 6.g3 e5 7.Nde2 b5 8.Bg2 Nbd7
9.O-O Bb7 10.Nd5 Nxd5 11.exd5 Be7 12.f4 Qb6+ 13.Kh1 Rc8 14.Qd3 Qc7 15.c3 Nf6
16.a4 Qc4 17.Rd1 bxa4 18.Qxc4 Rxc4 19.fxe5 dxe5 20.d6 Bxg2+ 21.Kxg2 Bf8 22.b3 Rc6
23.Rxa4 Bxd6 24.Bg5 Nd7 25.Rda1 Nb8 26.c4 f6 27.Be3 Bc5 28.Bxc5 Rxc5 29.Nc3 Kf7
30.Rb4 Rc7 31.Nd5 Rd7 32.Rb6 Rc8 33.Ra4 Kg6 34.Kf3 h5 35.h4 Kf5 36.Ne3+ Kg6
37.Nd5 Kf5 38.Ne3+ Kg6  1/2-1/2

[Event "Leningrad op"]
[Site "Leningrad"]
[Date "1991.??.??"]
[Round "?"]
[White "Vasiukov, Evgeni"]
[Black "Khenkin, Igor"]
[Result "0-1"]
[WhiteElo "2500"]
[BlackElo "2460"]

1.e4 c5 2.Nf3 d6 3.Nc3 Nf6 4.d4 cxd4 5.Nxd4 a6 6.g3 e5 7.Nde2 Nbd7 8.Bg2 b5
9.O-O Bb7 10.a4 b4 11.Na2 a5 12.c3 b3 13.Qxb3 Nc5 14.Qd1 Ncxe4 15.c4 Rc8
16.Bg5 Qd7 17.Bxf6 Nxf6 18.b4 Bxg2 19.Kxg2 axb4 20.Qb3 Qc6+ 21.Kg1 Qxc4 22.Qe3 Nd5
23.Qf3 e4 24.Qg4 h5 25.Qh3 Rd8 26.Rfd1 b3 27.Rxd5 Qxd5 28.Nac3 Qe6 29.Qf1 d5
30.Rd1 Qc6 31.Nd4 Qc4 32.Nce2 b2 33.Rb1 Bc5 34.Qd1 Qd3 35.Nb5 Qxd1+ 36.Rxd1 O-O
37.Rb1 d4 38.Rxb2 d3 39.Nec3 Rfe8 40.Kf1 Bd4 41.Nxd4 Rxd4 42.Ke1 Rc8 43.Kd2 Rdc4
44.Rb3 R8c5 45.Ra3 Rf5 46.Ke1 d2+ 47.Kxd2 Rxf2+ 48.Ne2 Rxh2 49.a5 Rd4+ 50.Ke3 Rd3+
51.Rxd3 exd3 52.Kxd3 Rf2 53.Nd4 Ra2 54.Nc6 g5 55.Kc4 h4 56.gxh4 gxh4 57.Kb3 Rxa5
58.Nxa5 h3 59.Nc6 h2 60.Ne7+  0-1

[Event "USA-op Los Angeles"]
[Site "Los Angeles"]
[Date "1991.??.??"]
[Round "?"]
[White "Burnett, Ronald"]
[Black "Browne, Walter S"]
[Result "1/2-1/2"]
[WhiteElo "2325"]
[BlackElo "2525"]

1.e4 c5 2.Nf3 d6 3.d4 cxd4 4.Nxd4 Nf6 5.Nc3 a6 6.g3 e5 7.Nde2 b5 8.Bg2 Nbd7
9.h3 Bb7 10.g4 b4 11.Nd5 Nxd5 12.exd5 g6 13.Ng3 Bg7 14.a3 a5 15.Ne4 Nb6 16.axb4 axb4
17.Rxa8 Bxa8 18.c4 bxc3 19.bxc3 O-O 20.O-O Nxd5 21.c4 Nf4 22.Bxf4 exf4 23.Qa4 f3
24.Bxf3 Qh4 25.Kg2 f5 26.Nf6+ Bxf6 27.Bxa8 fxg4 28.Bd5+ Kh8 29.Qb3 Be5 30.Be6 Rf3
31.Qb8+ Kg7 32.Qa7+ Kh6 33.Rh1 g3 34.Kxf3 Qf4+ 35.Ke2 Bd4 36.Qf7 Qe4+ 37.Kd2 gxf2
38.Qf8+ Kg5 39.Qe7+ Kh6 40.Qf8+ Kg5 41.Qe7+ Kh6  1/2-1/2

[Event "WchT U26"]
[Site "Maringa"]
[Date "1991.??.??"]
[Round "2"]
[White "Rodriguez, Andres URU"]
[Black "Trindade, Sandro Heleno"]
[Result "1-0"]
[WhiteElo "2350"]
[BlackElo "2325"]

1.e4 c5 2.Nf3 d6 3.d4 cxd4 4.Nxd4 Nf6 5.Nc3 a6 6.g3 e5 7.Nde2 Nbd7 8.Bg2 b5
9.h3 Bb7 10.g4 Nc5 11.Ng3 g6 12.O-O h5 13.g5 Nfd7 14.Nd5 h4 15.Ne2 Ne6 16.f4 exf4
17.Nexf4 Bxd5 18.Qxd5 Qb6+ 19.Kh1 Nc7 20.Qb3 Ne5 21.Nd3 Rh7 22.Bf4 Bg7 23.Bxe5 Bxe5
24.Nxe5 dxe5 25.Rf6 Ne6 26.Qd5 Rc8 27.Qxe5 Rxc2 28.Rd1 Rc6 29.Qd5 Qc7 30.e5 Rc1
31.Rxc1 Qxc1+ 32.Rf1 Qc7 33.Qa8+ Ke7 34.Rd1 Qxe5 35.Bc6 Qxg5 36.Qe8+ Kf6
37.Rf1+ Kg7 38.Qxf7+ Kh6 39.Qxe6 Re7 40.Qg8 Qe3 41.Qh8+ Rh7 42.Qf8+ Rg7 43.Bg2 Qe5
44.Qh8+  1-0

[Event "Russian Winter op"]
[Site "Moscow"]
[Date "1991.??.??"]
[Round "?"]
[White "Vasiukov, Evgeni"]
[Black "Dvoirys, Semen I"]
[Result "1/2-1/2"]
[WhiteElo "2500"]
[BlackElo "2560"]

1.e4 c5 2.Nf3 d6 3.Nc3 Nf6 4.d4 cxd4 5.Nxd4 a6 6.g3 e5 7.Nb3 Be6 8.Bg2 Nbd7
9.O-O Be7 10.Re1 Rc8 11.Nd2 b5 12.Nf1 O-O 13.Ne3 Nb6 14.Bd2 Qd7 15.Qe2 Nc4
16.Nxc4 Bxc4 17.Qd1 b4 18.Nd5 Nxd5 19.exd5 Qb7 20.b3 Bxd5 21.Bxd5 Qxd5 22.Bxb4  1/2-1/2

[Event "Moscow2"]
[Site "Moscow"]
[Date "1991.??.??"]
[Round "?"]
[White "Kholmov, Ratmir D"]
[Black "Ivanov, M D."]
[Result "1/2-1/2"]
[WhiteElo "2445"]
[BlackElo "2280"]

1.e4 c5 2.Nf3 d6 3.d4 cxd4 4.Nxd4 Nf6 5.Nc3 a6 6.g3 e5 7.Nde2 Nbd7 8.a4 b6
9.Bg2 Bb7 10.h3 h5 11.Bg5 Be7 12.h4 Rc8 13.Qd2 Rc7 14.O-O O-O 15.Rfd1 Qa8
16.f3 Rd8 17.Qe1 Nc5 18.Bxf6 Bxf6 19.Nd5 Bxd5 20.Rxd5 Ne6 21.c3 Rc5 22.Rad1 Rxd5
23.Rxd5 Qc6 24.b3 b5 25.axb5 axb5 26.Qd1 Be7 27.Kh2 Ra8 28.Rd2 Qc5 29.b4 Qe3
30.Rc2 g5 31.Qd2 Qf2 32.Ng1 Qxd2 33.Rxd2 gxh4 34.gxh4 Ra3 35.Bf1 Rxc3 36.Bxb5 Rb3
37.Bc4 Rxb4 38.Bxe6 fxe6 39.Kg3 Rd4 40.Rxd4 exd4 41.f4 d3 42.Kf3 d5 43.exd5 exd5
44.Nh3 Bxh4 45.Ke3 Kf7 46.Kxd3 Kf6 47.Ke3 Kf5 48.Kf3 Be1 49.Ng1 d4 50.Ne2 d3
51.Nd4+ Kf6 52.Nb3 Kf5 53.Nd4+ Kf6 54.Nb3 Bc3  1/2-1/2

[Event "New York op"]
[Site "New York"]
[Date "1991.??.??"]
[Round "1"]
[White "Ivanov, Alexander"]
[Black "West, James R"]
[Result "1-0"]
[WhiteElo "2525"]
[BlackElo "2275"]

1.e4 c5 2.Nf3 d6 3.d4 cxd4 4.Nxd4 Nf6 5.Nc3 a6 6.g3 e5 7.Nde2 Be7 8.a4 O-O
9.Bg2 b6 10.h3 Bb7 11.g4 Nbd7 12.Ng3 Nc5 13.O-O b5 14.axb5 axb5 15.Rxa8 Bxa8
16.f4 b4 17.Nd5 Nxd5 18.exd5 exf4 19.Bxf4 Bg5 20.Nf5 Bxf4 21.Rxf4 g6 22.Nh6+ Kg7
23.Qd4+ f6 24.g5 Nd7 25.Ng4 Kg8 26.gxf6 h5 27.f7+ Kh7 28.Nf6+ Nxf6 29.Rxf6 Qe7
30.Be4 Qe5 31.Qxe5 dxe5 32.Rxg6 Bxd5 33.Rg8+ Bxe4 34.Rxf8 Kg7 35.Re8 Kxf7
36.Rxe5 Bxc2 37.Rxh5 Kg8 38.Rb5 b3 39.Kf2 Kh7 40.Ke3 Bd1 41.Kd4 Kg7 42.Kc3 Kh6
43.Rxb3 Kg5 44.Rb4  1-0

[Event "Polanica Zdroj op"]
[Site "Polanica Zdroj"]
[Date "1991.??.??"]
[Round "?"]
[White "Jablonski, Mariusz"]
[Black "Malisauskas, Vidmantas"]
[Result "0-1"]
[WhiteElo "2285"]
[BlackElo "2505"]

1.e4 c5 2.Nf3 d6 3.d4 cxd4 4.Nxd4 Nf6 5.Nc3 a6 6.g3 e5 7.Nb3 Be6 8.Bg2 Nbd7
9.O-O Be7 10.a4 O-O 11.a5 Qc7 12.Nd5 Nxd5 13.exd5 Bf5 14.c3 Bg6 15.f4 exf4
16.gxf4 h6 17.Be3 Bf6 18.Bf2 Rae8 19.Ra4 Re7 20.Re1 Rxe1+ 21.Bxe1 Re8 22.Bf2 Qd8
23.Rb4 Bh4 24.Bg3 Bxg3 25.hxg3 Nf6 26.Bf3 Qd7 27.Kg2 Be4 28.Bxe4 Nxe4 29.Qf3 Nf6
30.Nd2 Qf5 31.Rd4 Qc2 32.Kh3 h5 33.Kh4 Qf5 34.Nf1 g5+  0-1

[Event "San Fernando op"]
[Site "San Fernando"]
[Date "1991.??.??"]
[Round "?"]
[White "Rivera, Daniel"]
[Black "Gil Reguera, Juan Carlos"]
[Result "1-0"]
[WhiteElo "2320"]
[BlackElo "2400"]

1.e4 c5 2.Nf3 d6 3.d4 cxd4 4.Nxd4 Nf6 5.Nc3 a6 6.g3 e6 7.Bg2 Qc7 8.O-O Bd7
9.Re1 Be7 10.h3 O-O 11.a4 Nc6 12.Nde2 Rfd8 13.b3 Rab8 14.Bb2 b5 15.axb5 axb5
16.Qd2 Nb4 17.Nf4 Rdc8 18.Rec1 Be8 19.Nd1 Nc6 20.Ne3 Ne5 21.Nd3 Ned7 22.f4 Rd8
23.Qe2 Nc5 24.Nxc5 Qxc5 25.Kh2 Bc6 26.Rd1 Qb6 27.Bd4 Qc7 28.e5 Ne8 29.c3 Ra8
30.Ng4 Bxg2 31.Kxg2 d5 32.Qf2 g6 33.Bb6 Qxc3 34.Bxd8 Rxd8 35.Qe3 Qc8 36.Rdc1 Qb8
37.Ra7 Bf8 38.Rca1 h5 39.Nf6+ Nxf6 40.exf6  1-0

[Event "BUL-chT"]
[Site "Sofia"]
[Date "1991.??.??"]
[Round "4"]
[White "Tringov, Georgi P"]
[Black "Ermenkov, Evgenij"]
[Result "0-1"]
[WhiteElo "2420"]
[BlackElo "2510"]

1.e4 c5 2.Nf3 d6 3.d4 Nf6 4.Nc3 cxd4 5.Nxd4 a6 6.g3 e6 7.Bg2 Be7 8.O-O Qc7
9.a4 Nc6 10.Be3 O-O 11.Qe2 Nd7 12.Rfd1 Rb8 13.f4 Nxd4 14.Bxd4 b6 15.Nb1 Re8
16.Na3 Bb7 17.Nc4 Rbc8 18.b3 d5 19.exd5 exd5 20.Ne3 Bc5 21.Qd3 Nf6 22.Re1 Re6
23.h3 Rce8 24.c3 h5 25.h4 Ne4 26.Bxe4 Rxe4 27.Kf2 a5 28.Nc2 Qc8 29.Rxe4 dxe4
30.Qe3 Qh3 31.Rg1 Re6 32.Ke1 Ba6 33.c4 Rd6 34.Kd2 Bc8 35.Kc3 Bf5 36.Rd1 Bg4
37.Rd2 Rxd4 38.Nxd4 f5 39.Kb2 Kh7 40.Ka2 Qf1 41.Qc3 Bb4 42.Qb2 Qe1 43.Rc2 Be7
44.Ne2 Bf6 45.Qc1 Qf2 46.Nc3 Qxg3 47.Nd5 Bd4 48.Qd2 Qg1 49.Rc1 Qf2 50.Rc2 Qxd2
51.Rxd2 e3 52.Rxd4 e2 53.Nf6+ Kg6  0-1

[Event "St Martin op"]
[Site "St Martin"]
[Date "1991.??.??"]
[Round "9"]
[White "Ivanov, Alexander"]
[Black "Renet, Olivier"]
[Result "1-0"]
[WhiteElo "2525"]
[BlackElo "2470"]

1.e4 c5 2.Nf3 d6 3.d4 cxd4 4.Nxd4 Nf6 5.Nc3 a6 6.g3 e5 7.Nde2 Be7 8.a4 O-O
9.Bg2 Nc6 10.O-O Nb4 11.b3 Be6 12.Ba3 a5 13.h3 Rc8 14.f4 Qb6+ 15.Kh2 exf4
16.gxf4 Rfd8 17.f5 Bd7 18.Rc1 d5 19.Bxb4 axb4 20.Nxd5 Nxd5 21.exd5 Bg5 22.Rb1 Qc7+
23.d6 Qb8 24.Ng3 Bc6 25.Qg4 Bf6 26.Bxc6 Rxc6 27.Ne4 Be5+ 28.Kh1 Rxc2 29.Rbc1 h5
30.Qf3 Rh2+ 31.Kg1 Bxd6 32.Rfd1 Be5 33.Rxd8+ Qxd8 34.Rd1 Qc7 35.f6 Qb6+ 36.Kf1 Rh1+
37.Kg2 Rxd1  1-0

[Event "Tatran Cup"]
[Site "Stary Smokovec"]
[Date "1991.??.??"]
[Round "5"]
[White "Popovic, Petar"]
[Black "Stohl, Igor"]
[Result "1/2-1/2"]
[WhiteElo "2550"]
[BlackElo "2555"]

1.e4 c5 2.Nf3 d6 3.d4 Nf6 4.Nc3 cxd4 5.Nxd4 a6 6.g3 e5 7.Nb3 Nbd7 8.a4 b6
9.Bg2 Bb7 10.O-O Be7 11.Nd2 Rc8 12.Re1 Rc5 13.Nf1 Qa8 14.Qd3 O-O 15.Ne3 g6
16.Nc4 Qb8 17.Be3 Rcc8 18.Rad1 Nc5 19.Bxc5 Rxc5 20.Nxb6 Qc7 21.Nbd5  1/2-1/2